| 000 | 00839cam a2200241 4500 | ||
|---|---|---|---|
| 001 | ABS63534 | ||
| 008 | 000000n2001 000 0 eng u | ||
| 035 | _a(Sirsi) u111189 | ||
| 100 | _aStorey, M. | ||
| 245 | _aWhole life costs and budgets | ||
| 260 | _c2001 | ||
| 490 |
_aCost Engineer _v39(1) February 2001, 17-18(2) |
||
| 520 | _aAs part of the MOD's Cost Forecasting department, the author describes how Whole Life costing can enhance the outcome of procurement decisions, and explains the Cost Forecasting policy and estimating techniques used by the department. | ||
| 590 | _aABS | ||
| 650 | _aWHOLE LIFE COSTS | ||
| 650 | _aCOST FORECASTING | ||
| 650 | _aMOD | ||
| 650 | _aProcurement-old | ||
| 650 | _aESTIMATING TECHNIQUES | ||
| 650 | _aBEST PRACTICE | ||
| 690 | _aBUILT ENVIRONMENT-BUILDING COSTS | ||
| 942 | _n0 | ||
| 999 |
_c66240 _d66240 |
||